00999pab a2200157 454500008003600000100002200036245006100058520048200119650001500601650001600616650002900632773004800661909000900709999001500718952010800733180718b xxu||||| |||| 00| 0 eng d aZafarullah, Habib aWestern Australia's turn of the century royal commission aIt is commentary on article by Michael Hollier and Allan Peachment in the June 1990 issue of AJPA. the focus of the article was wetern Australian Royal Commission which had inquired into the public service of the state in the immediate post-federation period. The author here points out that the 1902 Western Australian Royal Commission was not quite as "forgotten" as the authors of the original article had suggested, because it was given attention in his own doctoral thesis a Australia a Commission aCivil Service Commission aAustralian Journal of Public Administration a1593 c1593d1593 00104070aIIPAbIIPAd2018-07-19hIssue no: 50(1), Mar.91, p.94-6pAR1593r2018-07-19w2018-07-19yAR